ბათუმის შოთა რუსთაველის სახელმწიფო უნივერსიტეტის ბიბლიოთეკა

აგროეკოლოგიური მონიტორინგი : (ბიბ.ჩანაწერი № 53807)

000 -ლიდერი
ფიქსირებული სიგრძის საკონტროლო ველი 01346nam a2200277Ia 4500
001 - საკონტროლო ნომერი
საკონტროლო ველი 20858
003 - საკონტროლო ნომრის იდენტიფიკატორი
საკონტროლო ველი GE_BSU
005 - ბოლო ოპერაციის თარიღი და დრო
საკონტროლო ველი 20250324132305.0
008 - ფიქსირებული სიგრძის მონაცემთა ელემენტები - ზოგადი ინფორმაცია
ფიქსირებული სიგრძის საკონტროლო ველი 181216s ||||ge |||||||||||||| ||geo||
020 ## - წიგნის საერთაშორისო სტანდარტული ნომერი
International Standard Book Number 9789941456160
040 ## - კატალოგიზაციის წყარო
Transcribing agency GE_BSU
041 ## - ენის კოდი
Language code of text/sound track or separate title geo
080 ## - უნივერსალური ათობითი კლასიფიკაციის ინდექსი
Universal Decimal Classification number 631.95(075.8) ლ-85
100 ## - მთავარი ჩანაწერი - პიროვნების სახელი
Personal name ლორთქიფანიძე, როზა
9 (RLIN) 2506
245 ## - ცნობა სათაურის შესახებ
Title აგროეკოლოგიური მონიტორინგი :
Remainder of title სახელმძღვანელო /
Statement of responsibility, etc როზა ლორთქიფანიძე, მაია ხელაძე; რედ. ტრისტან ჯობავა.
264 ## - წარმოების, გამოცემის, დისტრიბუციის და სხვა ცნობები
გამოცემის, წარმოების, დისტრიბუციის... ადგილი ქუთაისი :
გამოცემის, წარმოების, დისტრიბუციის... სახელწოდება აკაკი წერეთლის სახელმწ. უნ-ტის გამ-ბა,
გამოცემის, წარმოების, დისტრიბუციის... თარიღი 2015.
300 ## - ფიზიკური აღწერა
Extent 279 გვ. ;
Dimensions 20 სმ.
500 ## - ზოგადი შენიშვნა
General note ტერმინთა განმარტ. გვ. : 270-274
504 ## - BIBLIOGRAPHY, ETC. NOTE
Bibliography, etc ბიბლიოგრაფ. გვ. : 275-278
653 ## - INDEX TERM--UNCONTROLLED
Uncontrolled term აგროეკოლოგიური მონიტორინგი
653 ## - INDEX TERM--UNCONTROLLED
Uncontrolled term სოფლის მეურნეობა
700 ## - ADDED ENTRY--PERSONAL NAME
Personal name ხელაძე, მაია
Relator term ავტორი
9 (RLIN) 11836
700 ## - ADDED ENTRY--PERSONAL NAME
Personal name ჯობავა, ტრისტან
Relator term რედაქტორი
9 (RLIN) 11837
942 ## - ADDED ENTRY ELEMENTS (KOHA)
Koha item type წიგნი
Source of classification or shelving scheme
ეგზემპლარები
ჩამოწერის სტატუსი დაკარგული ეგზემპლარის სტატუსი კლასიფიკაციის წყარო ან თაროზე გაწყობის სქემა დაზიანების სტატუსი არ გაიცემა მუდმივი მდებარეობა (დაცვის ადგილი) ამჟამინდელი ადგილსამყოფელი შეძენის თარიღი ღირებულება, შესყიდვის ნორმალური ფასი სრული შენახვის შიფრი შტრიხკოდი ბოლო ოპერაციის თარიღი ეგზემპლარის მიმდევრობითი ნომერი (კეტერი?) ფასის ძალაში შესვლის თარიღი ეგზემპლარის სახეობა საჯარო შენიშვნა თაროზე განთავსების ადგილი
          აგრარული და მემბრანული ტექნოლოგიების ინსტიტუტის ბიბლიოთეკა აგრარული და მემბრანული ტექნოლოგიების ინსტიტუტის ბიბლიოთეკა 2025-03-24   631.95(075.8) ლ-85 41606 2025-03-24 41606 2025-03-24 წიგნი   წიგნსაცავი
          აგრარული და მემბრანული ტექნოლოგიების ინსტიტუტის ბიბლიოთეკა აგრარული და მემბრანული ტექნოლოგიების ინსტიტუტის ბიბლიოთეკა 2025-03-24 10.00 631.95(075.8) ლ-85 70918 2025-03-24 70918 2025-03-24 წიგნი 10 ლ. წიგნსაცავი
          ბათუმის შოთა რუსთაველის სახელმწიფო უნივერსიტეტის მთავარი ბიბლიოთეკა ბათუმის შოთა რუსთაველის სახელმწიფო უნივერსიტეტის მთავარი ბიბლიოთეკა 2018-12-17 29.00 631.95(075.8) ლ-85 54332 2018-12-17 54332 2018-12-17 წიგნი 29.00 ₾.  
          ბათუმის შოთა რუსთაველის სახელმწიფო უნივერსიტეტის მთავარი ბიბლიოთეკა ბათუმის შოთა რუსთაველის სახელმწიფო უნივერსიტეტის მთავარი ბიბლიოთეკა 2018-12-17 29.00 631.95(075.8) ლ-85 54333 2018-12-17 54333 2018-12-17 წიგნი 29.00 ₾. წიგნსაცავი
          ბათუმის შოთა რუსთაველის სახელმწიფო უნივერსიტეტის მთავარი ბიბლიოთეკა ბათუმის შოთა რუსთაველის სახელმწიფო უნივერსიტეტის მთავარი ბიბლიოთეკა 2018-12-17 29.00 631.95(075.8) ლ-85 54334 2018-12-17 54334 2018-12-17 წიგნი 29.00 ₾. წიგნსაცავი
          ბათუმის შოთა რუსთაველის სახელმწიფო უნივერსიტეტის მთავარი ბიბლიოთეკა ბათუმის შოთა რუსთაველის სახელმწიფო უნივერსიტეტის მთავარი ბიბლიოთეკა 2018-12-17 29.00 631.95(075.8) ლ-85 54335 2018-12-17 54335 2018-12-17 წიგნი 29.00 ₾. წიგნსაცავი
          ბათუმის შოთა რუსთაველის სახელმწიფო უნივერსიტეტის მთავარი ბიბლიოთეკა ბათუმის შოთა რუსთაველის სახელმწიფო უნივერსიტეტის მთავარი ბიბლიოთეკა 2018-12-17 29.00 631.95(075.8) ლ-85 54336 2018-12-17 54336 2018-12-17 წიგნი 29.00 ₾. წიგნსაცავი
          ბათუმის შოთა რუსთაველის სახელმწიფო უნივერსიტეტის მთავარი ბიბლიოთეკა ბათუმის შოთა რუსთაველის სახელმწიფო უნივერსიტეტის მთავარი ბიბლიოთეკა 2018-12-17 29.00 631.95(075.8) ლ-85 54337 2018-12-17 54337 2018-12-17 წიგნი 29.00 ₾. წიგნსაცავი
          ბათუმის შოთა რუსთაველის სახელმწიფო უნივერსიტეტის მთავარი ბიბლიოთეკა ბათუმის შოთა რუსთაველის სახელმწიფო უნივერსიტეტის მთავარი ბიბლიოთეკა 2018-12-17 29.00 631.95(075.8) ლ-85 54338 2018-12-17 54338 2018-12-17 წიგნი 29.00 ₾. წიგნსაცავი
          ბათუმის შოთა რუსთაველის სახელმწიფო უნივერსიტეტის მთავარი ბიბლიოთეკა ბათუმის შოთა რუსთაველის სახელმწიფო უნივერსიტეტის მთავარი ბიბლიოთეკა 2018-12-17 29.00 631.95(075.8) ლ-85 54339 2018-12-17 54339 2018-12-17 წიგნი 29.00 ₾. წიგნსაცავი
          ბათუმის შოთა რუსთაველის სახელმწიფო უნივერსიტეტის მთავარი ბიბლიოთეკა ბათუმის შოთა რუსთაველის სახელმწიფო უნივერსიტეტის მთავარი ბიბლიოთეკა 2018-12-17 29.00 631.95(075.8) ლ-85 54340 2018-12-17 54340 2018-12-17 წიგნი 29.00 ₾. წიგნსაცავი
          ბათუმის შოთა რუსთაველის სახელმწიფო უნივერსიტეტის მთავარი ბიბლიოთეკა ბათუმის შოთა რუსთაველის სახელმწიფო უნივერსიტეტის მთავარი ბიბლიოთეკა 2018-12-17 29.00 631.95(075.8) ლ-85 54341 2018-12-17 54341 2018-12-17 წიგნი 29.00 ₾. წიგნსაცავი